000 00772nam a22002177a 4500
005 20100807155518.0
010 _aENG-98953
020 _c210.00
_a9788183333313
020 _c210.00
_a9788183333313
035 _aEN-82485
037 _bDBAD/PUB
082 _a001.642
100 _aby Kanetkar, Yashavant
_98884
245 _aWritten test question in data structures /
_cby Yeshavant Kanetkar [and] Asang Dani
260 _aNew Delhi
_bBPB Publications
_c2010
270 _aB-14, Connaught Place
_bNew Delhi
_e110001
300 _aviii, 592 p.
_c24 cm. (Pbk)
700 _97380
942 _2ddc
_cEN
_h001.642
_mKAN
999 _c40188
_d40188